| 000 | 00962nam a2200289 i 4500 | ||
|---|---|---|---|
| 001 | 17269 | ||
| 003 | ES-MaACL | ||
| 005 | 20240227161409.0 | ||
| 007 | t| | ||
| 008 | 010124s2000 sp ||||0| spa j | ||
| 020 | _a84-8191-280-8 | ||
| 040 |
_aM-BN _bspa _cM-BN |
||
| 080 | _a821.112.2-94"19" | ||
| 080 | _a929 Roth, Joseph | ||
| 100 | 1 |
_aMorgenstern, Soma. _983534 |
|
| 245 | 1 | 0 |
_aHuida y fin de Joseph Roth _b: recuerdos / _cSoma Morgenstern ; edición original alemana, notas y estudio final de Ingolf Schulte ; traducción de Eduardo Gil Bera. |
| 260 |
_aValencia : _bPre-textos, _c[2000] |
||
| 300 |
_a446 p. ; _c19 cm. |
||
| 490 | 1 |
_aPre-textos. Narrativa ; _v423 |
|
| 600 | 0 | 4 |
_aRoth, Joseph, _d1894-1939 _999952 |
| 700 | 1 |
_aSchulte, Ingolf. _9104766 |
|
| 700 | 1 |
_aGil Bera, Eduardo. _956771 |
|
| 830 | 0 |
_aPre-textos. Narrativa ; _v423 _9179720 |
|
| 852 |
_aES-MaACL _jL-24097 _bR.129457 |
||
| 999 |
_c17269 _d17269 |
||